logo

Bir Sreshtho Munshi Abdur Rouf Library
Jhenaidah Cadet College

The United Nations and crime prevention / (Record no. 9510)

MARC details
000 -LEADER
fixed length control field 00990nam a2200325 a 4500
001 - CONTROL NUMBER
JCCL Control Number 9510
003 - CONTROL NUMBER IDENTIFIER
JCCL marc code BD-JhCC
005 - DATE AND TIME OF LATEST TRANSACTION
control field 20180628102806.0
008 - FIXED-LENGTH DATA ELEMENTS--GENERAL INFORMATION
fixed length control field 960723s1996 nyu i000 0 eng d
020 ## - INTERNATIONAL STANDARD BOOK NUMBER
International Standard Book Number 9211301777
035 ## - SYSTEM CONTROL NUMBER
system control number (BD-JhCC)9510
035 ## - SYSTEM CONTROL NUMBER
system control number (OCoLC)35158177
040 ## - CATALOGING SOURCE
Original cataloging agency FMU-L
Transcribing agency FMU-L
Modifying agency DLC
-- BD-JhCC
041 ## - LANGUAGE CODE
Language code of Book eng
050 00 - LIBRARY OF CONGRESS CALL NUMBER
Classification number K5001
Item number .U55 1996
082 ## - DEWEY DECIMAL CLASSIFICATION NUMBER
Author mark and Year UNI 1996
Classification number 364.40601
245 04 - TITLE STATEMENT
Title The United Nations and crime prevention /
Statement of responsibility, etc United Nations.
246 30 - VARYING FORM OF TITLE
Title proper/short title Crime
260 ## - PUBLICATION, DISTRIBUTION, ETC. (IMPRINT)
Place of publication, distribution, etc New York :
Name of publisher, distributor, etc United Nations, Dept. of Public Information,
Date of publication, distribution, etc 1996.
300 ## - PHYSICAL DESCRIPTION
Pagination v, 143 p. ;
Dimensions 26 cm.
500 ## - GENERAL NOTE
General note "DPI/1143/Rev.2/CRM"--P. [4] of cover.
500 ## - GENERAL NOTE
General note "Sales no. E.96.IV.9"--P. [4] of cover.
650 #0 - SUBJECT ADDED ENTRY--TOPICAL TERM
Topical term or geographic name as entry element Criminal justice, Administration of.
650 #0 - SUBJECT ADDED ENTRY--TOPICAL TERM
Topical term or geographic name as entry element Prisoners
General subdivision Legal status, laws, etc.
650 #0 - SUBJECT ADDED ENTRY--TOPICAL TERM
Topical term or geographic name as entry element Police.
650 #0 - SUBJECT ADDED ENTRY--TOPICAL TERM
Topical term or geographic name as entry element Crime prevention.
710 2# - ADDED ENTRY--CORPORATE NAME
Corporate name or jurisdiction name as entry element United Nations.
Subordinate unit Office of Public Information.
942 ## - ADDED ENTRY ELEMENTS (KOHA)
Source of classification or shelving scheme Dewey Decimal Classification
Koha item type Books
Holdings
Source of classification or shelving scheme Damaged status Not for loan Home library Current library Shelving location Total Checkouts Full call number Barcode Date last seen Copy number Koha item type
Dewey Decimal Classification     JCC Rouf Library JCC Rouf Library General Stacks   364.40601 UNI 1996 12291 03/18/2018 C - 1 Books

JCC Library | Contacts | JCC Home

Last Update on 23 September 2017
Copyright @ 2017-2020 JCC Rouf Library
Rouf Library, Jhenidah Cadet College (JCC), Bangladesh